| 000 | 00785pam a2200253 i 4500 | ||
|---|---|---|---|
| 001 | 3490 | ||
| 005 | 20240312163015.0 | ||
| 020 | _a9780312564216 | ||
| 040 |
_aDLC _cDLC _dDLC _beng |
||
| 050 | 0 | 0 | _aPZ7.S8177 |
| 082 | 0 | 0 | _a808.068 |
| 100 | 1 |
_aSteig, William _d1907-2003. |
|
| 245 | 1 | 4 |
_aThe amazing bone / _cWilliam Steig |
| 250 | _aFirst Square Fish Edition : 2011 | ||
| 260 |
_aNew York : _bSquare Fish Books, _c1976 |
||
| 300 |
_a32 unnumbered pages : _bcolor illustrations ; _c28 cm. |
||
| 505 | _aQ | ||
| 520 | _aOn her way home from school, Pearl finds an unusual bone that has unexpected powers. | ||
| 521 |
_a660
_bLexile |
||
| 521 |
_aQ
_bRaz-Plus |
||
| 650 | 1 |
_aPigs _xFiction |
|
| 906 |
_a7 _bcbc _corignew _d1 _eocip _f19 _gy-gencatlg |
||
| 942 |
_2ddc _cBK _n0 |
||
| 999 |
_c3490 _d3490 |
||